Development studies : (Record no. 3090)

MARC details
000 -LEADER
fixed length control field 00544nam a2200193 4500
003 - CONTROL NUMBER IDENTIFIER
control field OSt
005 - DATE AND TIME OF LATEST TRANSACTION
control field 20160226183008.0
008 - FIXED-LENGTH DATA ELEMENTS--GENERAL INFORMATION
fixed length control field 160226b xxu||||| |||| 00| 0 eng d
020 ## - INTERNATIONAL STANDARD BOOK NUMBER
International Standard Book Number 0340614528
040 ## - CATALOGING SOURCE
Transcribing agency 040a
082 ## - DEWEY DECIMAL CLASSIFICATION NUMBER
Classification number 300
Item number DEV 1995
245 ## - TITLE STATEMENT
Title Development studies :
Remainder of title a reader /
Statement of responsibility, etc. Stuart Corbridge
260 ## - PUBLICATION, DISTRIBUTION, ETC. (IMPRINT)
Place of publication, distribution, etc. London
Name of publisher, distributor, etc. Arnold
Date of publication, distribution, etc. 1995
300 ## - PHYSICAL DESCRIPTION
Extent xix, 475p;
Other physical details ill :
Dimensions 13 cm
504 ## - BIBLIOGRAPHY, ETC. NOTE
Bibliography, etc Includes index and bibliographic references
650 ## - SUBJECT ADDED ENTRY--TOPICAL TERM
Topical term or geographic name as entry element Development studies
9 (RLIN) 5876
700 ## - ADDED ENTRY--PERSONAL NAME
Personal name Corbridge, Stuart
9 (RLIN) 6852
942 ## - ADDED ENTRY ELEMENTS (KOHA)
Source of classification or shelving scheme Dewey Decimal Classification
Koha item type Short Loan
Holdings
Withdrawn status Lost status Source of classification or shelving scheme Damaged status Not for loan Home library Current library Date acquired Inventory number Total Checkouts Full call number Barcode Date last seen Price effective from Koha item type
    Dewey Decimal Classification     MUST Main Library MUST Main Library 26/02/2016 2000/14714   300 DEV 1995 2016-0239 26/02/2016 26/02/2016 Short Loan
    Dewey Decimal Classification     MUST Main Library MUST Main Library 26/02/2016 2000/14713   300 DEV 1995 2016-0240 26/02/2016 26/02/2016 Short Loan